Trh práce a realizované vzdelávacie programy v Poľsku

Enregistré dans:
Détails bibliographiques
Auteur principal: Strižencová, Michaela
Format: Livre
Langue:slovaque
Publié: Bratislava VÚNH EU 1997
Collection:Diskusné materiály
Sujets:
Tags: Ajouter un tag
Pas de tags, Soyez le premier à ajouter un tag!

MARC

LEADER 00000nam a2200000 4500
001 c100780
005 20221123123135.3
022 |a 1335-1346 
041 0 |a slo 
044 |a SK 
245 1 0 |a Trh práce a realizované vzdelávacie programy v Poľsku  |c Michaela Strižencová 
264 1 |a Bratislava  |b VÚNH EU  |c 1997 
300 |a 42 s. 
490 1 |a Diskusné materiály 
830 0 |a Diskusné materiály 
610 2 0 |a trh práce 
610 2 0 |a vzdelávanie 
610 2 0 |a Poľsko 
610 2 0 |a štruktúra obyvateľstva 
610 2 0 |a transformácia 
610 2 0 |a nezamestnanosť 
100 1 |a Strižencová, Michaela